Engineering and General Geology (Record no. 5509)
[ view plain ]
| 000 -LEADER | |
|---|---|
| fixed length control field | 00344nam a2200145Ia 4500 |
| 008 - FIXED-LENGTH DATA ELEMENTS--GENERAL INFORMATION | |
| fixed length control field | 191201s2013 xx 000 0 und d |
| 082 ## - DEWEY DECIMAL CLASSIFICATION NUMBER | |
| Classification number | 551 |
| Item number | SIE |
| 100 ## - MAIN ENTRY--PERSONAL NAME | |
| Personal name | SINGH, Parbin |
| 245 #0 - TITLE STATEMENT | |
| Title | Engineering and General Geology |
| 250 ## - EDITION STATEMENT | |
| Edition statement | Rep |
| 260 ## - PUBLICATION, DISTRIBUTION, ETC. (IMPRINT) | |
| Place of publication, distribution, etc | N. Delhi |
| Name of publisher, distributor, etc | S.K.Kataria |
| Date of publication, distribution, etc | 2013 |
| 300 ## - PHYSICAL DESCRIPTION | |
| Extent | 591 |
| 650 ## - SUBJECT ADDED ENTRY--TOPICAL TERM | |
| Topical term or geographic name as entry element | B.Tech(CE) |
| 942 ## - ADDED ENTRY ELEMENTS (KOHA) | |
| Source of classification or shelving scheme | Dewey Decimal Classification |
| Koha item type | Text Books |
| Withdrawn status | Lost status | Source of classification or shelving scheme | Damaged status | Not for loan | Collection code | Home library | Current library | Date acquired | Source of acquisition | Cost, normal purchase price | Bill Number | Total Checkouts | Full call number | Acc. no. / Barcode | Date last seen | Bill Date | Koha item type | Date last borrowed |
|---|---|---|---|---|---|---|---|---|---|---|---|---|---|---|---|---|---|---|
| Dewey Decimal Classification | B.Tech(CE) | PIET C-LIBRARY | PIET C-LIBRARY | 12/09/2012 | IBH, New Delhi | 335.00 | 10925 | 551 SIE | 21009 | 04/12/2019 | 11/09/2012 | Text Books | ||||||
| Dewey Decimal Classification | B.Tech(CE) | PIET C-LIBRARY | PIET C-LIBRARY | 12/09/2012 | IBH, New Delhi | 335.00 | 10925 | 551 SIE | 21010 | 04/12/2019 | 11/09/2012 | Text Books | ||||||
| Dewey Decimal Classification | B.Tech(CE) | PIET C-LIBRARY | PIET C-LIBRARY | 12/09/2012 | IBH, New Delhi | 335.00 | 10925 | 551 SIE | 21011 | 04/12/2019 | 11/09/2012 | Text Books | ||||||
| Dewey Decimal Classification | B.Tech(CE) | PIET C-LIBRARY | PIET C-LIBRARY | 12/09/2012 | IBH, New Delhi | 335.00 | 10925 | 2 | 551 SIE | 21012 | 06/04/2023 | 11/09/2012 | Text Books | 28/03/2023 | ||||
| Dewey Decimal Classification | B.Tech(CE) | PIET C-LIBRARY | PIET C-LIBRARY | 12/09/2012 | IBH, New Delhi | 335.00 | 10925 | 551 SIE | 21013 | 04/12/2019 | 11/09/2012 | Text Books | ||||||
| Dewey Decimal Classification | B.Tech(CE) | PIET C-LIBRARY | PIET C-LIBRARY | 22/09/2012 | IBH, New Delhi | 335.00 | 11856 | 1 | 551 SIE | 21091 | 06/01/2021 | 20/09/2012 | Text Books | 26/12/2020 | ||||
| Dewey Decimal Classification | B.Tech(CE) | PIET C-LIBRARY | PIET C-LIBRARY | 22/09/2012 | IBH, New Delhi | 335.00 | 11856 | 551 SIE | 21092 | 04/12/2019 | 20/09/2012 | Text Books | ||||||
| Dewey Decimal Classification | B.Tech(CE) | PIET C-LIBRARY | PIET C-LIBRARY | 22/09/2012 | IBH, New Delhi | 335.00 | 11856 | 551 SIE | 21093 | 04/12/2019 | 20/09/2012 | Text Books | ||||||
| Dewey Decimal Classification | B.Tech(CE) | PIET C-LIBRARY | PIET C-LIBRARY | 22/09/2012 | IBH, New Delhi | 335.00 | 11856 | 2 | 551 SIE | 21094 | 27/06/2025 | 20/09/2012 | Text Books | 23/06/2025 | ||||
| Dewey Decimal Classification | B.Tech(CE) | PIET C-LIBRARY | PIET C-LIBRARY | 22/09/2012 | IBH, New Delhi | 335.00 | 11856 | 2 | 551 SIE | 21095 | 06/03/2023 | 20/09/2012 | Text Books | 06/03/2023 | ||||
| Dewey Decimal Classification | B.Tech(CE) | PIET C-LIBRARY | PIET C-LIBRARY | 22/09/2012 | IBH, New Delhi | 335.00 | 11856 | 551 SIE | 21096 | 04/12/2019 | 20/09/2012 | Text Books | ||||||
| Dewey Decimal Classification | B.Tech(CE) | PIET C-LIBRARY | PIET C-LIBRARY | 22/09/2012 | IBH, New Delhi | 335.00 | 11856 | 1 | 551 SIE | 21097 | 27/06/2025 | 20/09/2012 | Text Books | 23/06/2025 | ||||
| Dewey Decimal Classification | B.Tech(CE) | PIET C-LIBRARY | PIET C-LIBRARY | 22/09/2012 | IBH, New Delhi | 335.00 | 11856 | 551 SIE | 21098 | 04/12/2019 | 20/09/2012 | Text Books | ||||||
| Dewey Decimal Classification | B.Tech(CE) | PIET C-LIBRARY | PIET C-LIBRARY | 22/09/2012 | IBH, New Delhi | 335.00 | 11856 | 551 SIE | 21099 | 04/12/2019 | 20/09/2012 | Text Books | ||||||
| Dewey Decimal Classification | B.Tech(CE) | PIET C-LIBRARY | PIET C-LIBRARY | 22/09/2012 | IBH, New Delhi | 335.00 | 11856 | 551 SIE | 21100 | 04/12/2019 | 20/09/2012 | Text Books |